<?xml version="1.0" encoding="UTF-8"?>
<record
    xmlns:xsi="http://www.w3.org/2001/XMLSchema-instance"
    xsi:schemaLocation="http://www.loc.gov/MARC21/slim http://www.loc.gov/standards/marcxml/schema/MARC21slim.xsd"
    xmlns="http://www.loc.gov/MARC21/slim">

  <leader>00884namaa2200205 i 4500</leader>
  <controlfield tag="001">173977</controlfield>
  <controlfield tag="003">ES-MaACL</controlfield>
  <controlfield tag="005">20230906215416.0</controlfield>
  <controlfield tag="008">100204s1900    sp           |||| | spa d</controlfield>
  <datafield tag="100" ind1="1" ind2=" ">
    <subfield code="a">&#xC1;lvarez Quintero, Seraf&#xED;n,</subfield>
    <subfield code="d">1871-1938</subfield>
    <subfield code="9">226443</subfield>
  </datafield>
  <datafield tag="245" ind1="1" ind2="3">
    <subfield code="a">La vida &#xED;ntima </subfield>
    <subfield code="b">: comedia en dos actos / </subfield>
    <subfield code="c">de Seraf&#xED;n y Joaqu&#xED;n &#xC1;lvarez Quintero.</subfield>
  </datafield>
  <datafield tag="250" ind1=" " ind2=" ">
    <subfield code="a">2&#xAA; ed.</subfield>
  </datafield>
  <datafield tag="260" ind1=" " ind2=" ">
    <subfield code="a">Madrid : </subfield>
    <subfield code="b">[s.n.]., </subfield>
    <subfield code="c">1900 (</subfield>
    <subfield code="f">R. Velasco, imp.)</subfield>
  </datafield>
  <datafield tag="300" ind1=" " ind2=" ">
    <subfield code="a">57 p. ; </subfield>
    <subfield code="c">18 cm.</subfield>
  </datafield>
  <datafield tag="500" ind1=" " ind2=" ">
    <subfield code="a">En port.: Estrenada en el teatro Lara el 15 de octubre de 1898.</subfield>
  </datafield>
  <datafield tag="700" ind1="1" ind2=" ">
    <subfield code="a">&#xC1;lvarez Quintero, Joaqu&#xED;n,</subfield>
    <subfield code="d">1873-1944</subfield>
    <subfield code="9">20922</subfield>
  </datafield>
  <datafield tag="852" ind1=" " ind2=" ">
    <subfield code="a">ES-MaACL</subfield>
    <subfield code="j">F-8637(1) </subfield>
    <subfield code="z">Encuadernaci&#xF3;n pasta espa&#xF1;ola </subfield>
    <subfield code="z"> Encuadernaci&#xF3;n en un volumen facticio formando parte de la colecci&#xF3;n facticia "Teatro espa&#xF1;ol moderno", volumen 92 </subfield>
    <subfield code="z">Dedicatoria aut&#xF3;grafa del autor</subfield>
  </datafield>
  <datafield tag="942" ind1=" " ind2=" ">
    <subfield code="2">udc</subfield>
  </datafield>
  <datafield tag="999" ind1=" " ind2=" ">
    <subfield code="c">173977</subfield>
    <subfield code="d">173977</subfield>
  </datafield>
  <datafield tag="952" ind1=" " ind2=" ">
    <subfield code="0">0</subfield>
    <subfield code="1">0</subfield>
    <subfield code="2">udc</subfield>
    <subfield code="4">0</subfield>
    <subfield code="7">0</subfield>
    <subfield code="8">Librosdedicados</subfield>
    <subfield code="a">ATENEOM</subfield>
    <subfield code="b">ATENEOM</subfield>
    <subfield code="c">SPP2</subfield>
    <subfield code="d">2010-02-04</subfield>
    <subfield code="l">0</subfield>
    <subfield code="o">F-8637(1)</subfield>
    <subfield code="p">1182624</subfield>
    <subfield code="r">2023-02-23 00:00:00</subfield>
    <subfield code="w">2023-02-23</subfield>
    <subfield code="y">MONANT</subfield>
    <subfield code="z">Dedicatoria aut&#xF3;grafa del autor</subfield>
  </datafield>
</record>
